01296nam a22002537a 450000500170000000800410001702000150005804000090007304100080008208200180009010000220010824500440013026000310017430000250020536500080023044000220023852006510026065000140091165000250092565000300095065000140098065000240099470000240101820220409094200.0220409b ||||| |||| 00| 0 eng d a8171676871 cAloy aeng 223a929bGUPR aReeta Dutta Gupta aRabindranath Tagore: bThe poet sublime aNew DelhibRupa & Coc2002 a91 p.bHBc16x13 cm. c₹ aChaitavali Series aA series of biographies dedicated to the legends of India. "Charitavali is a series of biographies dedicated to the legendary figures of India. The series presents the lives of great kings, freedom fighters, political thinkers, social reformers, pioneers of industry, scientists, philosophers, artists, musicians, dancers, film stars, writers and sports people. The biographies have been written for the reader who is curious about the lives and achievements of these legends. Full of fascinating anecdotes and facts, written in an easy storytelling style, the biographies will make these great Indians and their times come alive for the reader." aBiography aTagore and his works aTagore the Nobel Laureate aGitanjali aTagore the Musician aGUPTA (Reeta Dutta)